| 000 | 00537nam a22001695i 4500 | ||
|---|---|---|---|
| 001 | 171863 | ||
| 003 | ES-MaACL | ||
| 005 | 20230906214742.0 | ||
| 008 | 090604s1971 sp |||| | cat d | ||
| 080 | _a821.161.1-32"19" | ||
| 100 | 1 |
_aSolzhenitsyn, Aleksandr Isaevich. _9107256 |
|
| 245 | 1 | 0 |
_aMiniatures en prosa / _cAleksandre Soljenitsin ; [traducció de Josep M. Güell]. |
| 260 |
_aBarcelona : _bEdicions 62, _c[1971] |
||
| 300 |
_a78 p. ; _c18 cm. |
||
| 700 | 1 |
_aGüell, Josep M. _960420 |
|
| 852 |
_aES-MaACL _jC-41635 _9R.79990 |
||
| 999 |
_c171863 _d171863 |
||